| 000 | 00408nam a2200097Ia 4500 | ||
|---|---|---|---|
| 008 | 180130s9999 xx 000 0 und d | ||
| 245 |
_cHolub, Vojt'ech; Fridrich, Jessica; Denemark, Tomas _aUniversal distortion function for steganography in an arbitrary domain |
||
| 260 | _c2016 | ||
| 300 | _aBook title: Handbook of information security--Acession number C20533; pages 253-265 | ||
| 650 | _aINFORMATION SECURITY | ||
| 999 |
_c354105 _d354105 |
||